La viabilidad económica o empresaria del patrimonio insolvente no es requisito de admisibilidad, continuidad y/o éxito del procedimiento concursal preventivo (Registro nro. 21304)
[ vista simple ]
| 000 -LEADER | |
|---|---|
| fixed length control field | 00487 a2200121 4500 |
| 001 - CONTROL NUMBER | |
| control field | ART_49271 |
| 005 - DATE AND TIME OF LATEST TRANSACTION | |
| control field | 20260410161809.0 |
| 008 - FIXED-LENGTH DATA ELEMENTS--GENERAL INFORMATION | |
| fixed length control field | 260409a |
| 100 1# - MAIN ENTRY--PERSONAL NAME | |
| Personal name | Lorente, Javier A. |
| 245 10 - TITLE STATEMENT | |
| Title | La viabilidad económica o empresaria del patrimonio insolvente no es requisito de admisibilidad, continuidad y/o éxito del procedimiento concursal preventivo |
| 700 1# - ADDED ENTRY--PERSONAL NAME | |
| Personal name | Di Bartolo, Ariel A. |
| 773 0# - HOST ITEM ENTRY | |
| Title | Doctrina Societaria y Concursal |
| Related parts | - N° 380 (jul. 2019) |
| Record control number | REV4298 |
No hay ítems disponibles.